| 000 | 01144nam a2200325 c 4500 | ||
|---|---|---|---|
| 999 |
_c74573 _d74573 |
||
| 003 | BLK | ||
| 005 | 20230404030332.0 | ||
| 008 | 180408b bul|||||r ||||||| ||bul|| | ||
| 010 | _aKNG00078975000 | ||
| 020 | _a978-954-739-925-9 | ||
| 040 | _aBLK | ||
| 041 |
_aBUL _cBUL |
||
| 080 |
_aБългарска литература _b821.163.2 _x-4 _z821.163.2-4 |
||
| 080 |
_aБългарска литература _b821.163.2 _x-92 _z821.163.2-92 |
||
| 100 | 1 |
_aЦанев, Стефан Неделчев _d1936- _gПисател, поет, драматург. _9364639 |
|
| 139 |
_aЦанев, Стефан Неделчев _bЦ 16 |
||
| 245 | 1 | 0 |
_aДа убиеш вярата _bЕсета, статии _cСтефан Неделчев Цанев. |
| 257 | _aBGR | ||
| 260 |
_bЗахарий Стоянов _c2007 |
||
| 300 |
_a162 с. _c20 см |
||
| 380 | _aX | ||
| 500 | _aОфс. изд. | ||
| 653 | _aесета | ||
| 653 | _aстатии | ||
| 852 | _aЦб 236675 | ||
| 852 | _aК 821.163.2/Ц 16 С | ||
| 856 | 4 | _qpdf | |
| 856 | 4 | _qpdf | |
| 942 |
_cKNG _n0 _s1 |
||
| 944 |
_aCR _c06.11.2007 _lф / _kЛюдмила_Стоянова |
||
| 944 |
_aED _c23.12.2011 _lф / |
||
| 999 | _d74573 | ||